000 00928nam a2200265 i 4500
001 bg
100 1 _aAufderstraße, Hartmut.
245 0 0 _aLagune 1 :
_bćwiczenia : język niemiecki dla szkół ponadgimnazjalnych /
_cHartmut Aufderstraße, Jutta Müller, Thomas Storz ; oprac. edycji pol. Urszula Krajewska.
260 _aIsmaning :
_bMax Hueber Verlag ;
_c2006.
300 _a248 s. :
_bil. ;
_c28 cm
500 _aNa okł. : Poziom A1.
650 9 _aJęzyk niemiecki
655 _aPodręczniki dla szkół ponadgimnazjalnych
700 1 _aMüller, Jutta.
700 1 _aStorz, Thomas.
700 1 _aKrajewska, Urszula.
_eOprac.
020 _a9783192316241
040 _cBPK
041 0 _agerpol
_hger
044 _ager
080 _a811.112.2(075.3-021.66)
942 _cKS
008 s pl f |000 0 pol
999 _c54325
_d54325
856 _uhttp://koha.tu.koszalin.pl/cgi-bin/koha/opac-detail.pl?biblionumber=54325
_yKatalog online BPK